000 00465nam a2200169 4500
001 120510
003 ES-MaACL
005 20230906191551.0
007 t|
008 070214s1902 fr r ||||1| fre d
100 1 _aPitres, A.
_992419
245 1 4 _aLes obsessions et les impulsions /
_cpar les Drs. A. Pitres, E. Régis.
260 _aParis :
_bOctave Doin,
_c1902.
300 _a434 p. ;
_c20 cm.
700 1 _aRégis, E.
_995892
852 _aES-MaACL
_jF-11406
999 _c120510
_d120510